[Event "POL-ch U18"]
[Site "Leba"]
[Date "2006.04.02"]
[Round "11"]
[White "Jankowski, Zbigniew"]
[Black "Zwolakiewicz, Krzysztof"]
[Result "1-0"]
[WhiteElo "2102"]
[BlackElo "1966"]
[PlyCount "151"]
[EventDate "2006.03.25"]
[EventType "swiss"]
[EventRounds "11"]
[EventCountry "POL"]
[SourceTitle "CBM 111 Extra"]
[Source "ChessBase"]
[SourceDate "2006.05.09"]
[SourceVersion "1"]
[SourceVersionDate "2006.05.09"]
[SourceQuality "1"]

1. e4 c5 2. Nf3 d6 3. d4 cxd4 4. Nxd4 Nf6 5. Nc3 a6 6. f3 e6 7. Be3 Be7 8. Qd2 Qc7 9. 0-0-0 0-0 10. g4 b5 11. g5 Nfd7 12. h4 Nc6 13. h5 Nxd4 14. Bxd4 b4 15. Ne2 e5 16. Be3 a5 17. g6 Nb6 18. Ng3 Be6 19. Nf5 Bxf5 20. exf5 Nc4 21. Bxc4 Qxc4 22. Kb1 Rac8 23. h6 fxg6 24. fxg6 hxg6 25. hxg7 Rf7 26. f4 Bf6 27. Qh2 Bxg7 28. Qh7+ Kf8 29. Qxg6 exf4 30. Bd4 Bxd4 31. Qxd6+ Kg8 32. Qxd4 Qxd4 33. Rxd4 Rc5 34. Rd2 f3 35. Rf2 Kg7 36. Kc1 a4 37. Kd2 Re5 38. Rg1+ Kf8 39. Rgf1 Ref5 40. Ke3 Re7+ 41. Kd3 Ref7 42. Ke4 Rc5 43. Rxf3 Rxf3 44. Rxf3+ Ke7 45. Kd3 a3 46. Re3+ Kd6 47. bxa3 bxa3 48. c4 Rh5 49. Kc3 Kc5 50. Kb3 Rh2 51. Re5+ Kd4 52. Rd5+ Ke4 53. Kxa3 Rc2 54. Kb3 Rc1 55. Rd2 Rb1+ 56. Rb2 Rc1 57. Kb4 Ke5 58. Rd2 Ke6 59. a4 Rb1+ 60. Kc5 Ra1 61. Kb5 Rb1+ 62. Kc6 Ra1 63. Re2+ Kf7 64. Kb5 Rb1+ 65. Ka6 Rb4 66. a5 Rxc4 67. Kb5 Rc1 68. Re4 Ra1 69. a6 Rb1+ 70. Rb4 Re1 71. a7 Re8 72. Ka6 Re6+ 73. Rb6 Re8 74. Rb8 Re6+ 75. Kb5 Re5+ 76. Kc4 1-0

[Event "POL-chT 1st League"]
[Site "Ustron"]
[Date "2003.09.11"]
[Round "6"]
[White "Olszewski, Marek"]
[Black "Jankowski, Zbigniew"]
[Result "1-0"]
[WhiteElo "2210"]
[BlackElo "1800"]
[PlyCount "59"]
[EventDate "2003.09.06"]
[EventType "team-tourn"]
[EventRounds "9"]
[EventCountry "POL"]
[SourceTitle "EXT 2005"]
[Source "ChessBase"]
[SourceDate "2004.11.15"]
[SourceVersion "1"]
[SourceVersionDate "2004.11.15"]
[SourceQuality "1"]
[WhiteTeam "Bydgoszcz Chemik"]
[BlackTeam "Lomza Devo Maraton"]
[WhiteTeamCountry "POL"]
[BlackTeamCountry "POL"]

1. e4 c5 2. Nf3 d6 3. d4 cxd4 4. Qxd4 Nc6 5. Bb5 Bd7 6. Bxc6 Bxc6 7. Nc3 Nf6 8. Bg5 e6 9. 0-0-0 Be7 10. Rhe1 0-0 11. Qd2 Qc7 12. Kb1 Rfc8 13. Nd4 Rab8 14. f3 b5 15. g4 b4 16. Nce2 Bd7 17. h4 a5 18. Ng3 a4 19. Be3 Ne8 20. g5 e5 21. Ndf5 Be6 22. Nxe7+ Qxe7 23. Rc1 Nc7 24. c4 bxc3 25. Rxc3 Na6 26. Rxc8+ Bxc8 27. Qa5 Qd7 28. Rc1 Bb7 29. Rd1 Qc6 30. Nf5 1-0

[Event "POL-chT 1st League"]
[Site "Ustron"]
[Date "2003.09.08"]
[Round "3"]
[White "Jankowski, Zbigniew"]
[Black "Stysiak, Szymon"]
[Result "0-1"]
[WhiteElo "1800"]
[BlackElo "2207"]
[PlyCount "50"]
[EventDate "2003.09.06"]
[EventType "team-tourn"]
[EventRounds "9"]
[EventCountry "POL"]
[SourceTitle "EXT 2005"]
[Source "ChessBase"]
[SourceDate "2004.11.15"]
[SourceVersion "1"]
[SourceVersionDate "2004.11.15"]
[SourceQuality "1"]
[WhiteTeam "Lomza Devo Maraton"]
[BlackTeam "Raciborz Rzemioslo"]
[WhiteTeamCountry "POL"]
[BlackTeamCountry "POL"]

1. e4 e6 2. d4 d5 3. Nd2 Nf6 4. e5 Nfd7 5. Bd3 c5 6. c3 Nc6 7. Ne2 cxd4 8. cxd4 f6 9. Nf4 Nxd4 10. Qh5+ Ke7 11. Ng6+ hxg6 12. exf6+ Kxf6 13. Qxh8 Kf7 14. 0-0 Nc5 15. Qh3 e5 16. Qe3 Nxd3 17. Qxd3 Bf5 18. Qe3 Nc2 19. Qf3 Nxa1 20. g4 e4 21. Qe2 Be6 22. f4 Kg8 23. f5 Bf7 24. fxg6 Bxg6 25. Nb1 d4 0-1